Cena aniversario Ciclo Básico.

Cena de festejo por el 35º aniversario de la Escuela de Ciclo Básico realizada el 05-07-97 en la Unión Vasca. Números artísticos con personalidades destacadas y final danzante.

Guardado en:
Formato: Deslizar
Publicado: Bahía Blanca, 1997.
Materias:
Etiquetas: Agregar Etiqueta
Sin Etiquetas, Sea el primero en etiquetar este registro!
LEADER 00941ngm a22002535g 4500
001 CEM.cems022294
008 130507s1997####ag############0###0#####d
005 20241028153230.0
245 0 0 |a Cena aniversario Ciclo Básico. 
260 |a Bahía Blanca,  |c 1997. 
300 |a 79'. 
500 |a En soporte VHS, consultar en ventanilla. 
520 |a Cena de festejo por el 35º aniversario de la Escuela de Ciclo Básico realizada el 05-07-97 en la Unión Vasca. Números artísticos con personalidades destacadas y final danzante. 
538 |a Soporte: VHS - Norma: Pal N - Color: Si - Grabación DRD 1997 - Hitachi=3165 
082 3 7 |/ DRD-4 
653 |a CICLO BASICO 
653 |a CENA ANIVERSARIO 
653 |a UNION VASCA 
653 |a BAHIA BLANCA-EDUCACION 
653 |a EMUNS 
653 |a NIVEL PRIMARIO 
653 |a NIVEL SECUNDARIO 
653 |a EPUNS 
859 |a CEMS  |b BIB. CEMS - Depto. Recursos Didacticos  |h 370  |i DRD-4  |k DRD  |p 937.12  |t Ej.1